03239cam a22003854i 4500003000900000005001700009008004100026035002000067040003300087100004000120245024600160264001000406300003900416336002100455337002500476338002300501502005900524504002400583520207300607526001002680526001002690526000902700526000902709526000902718526000902727526000902736526000902745526000902754526000802763526000802771526000802779526000802787526000802795650005002803PE-LiUPU20250731165440.0160614s pe a rm 000 0 spa d a(Sirsi) a157256 aPE-LiUPUbspacPE-LiUPUerda1 aCalsín Molleapaza, José,eautor1 aAsociación de los niveles de satisfacción laboral con el clima organizacional de los trabajadores de los centros de aplicación "Productos Unión e Imprenta Unión" de la Universidad Peruana Unión 2013 /cJosé Calsín Molleapaza. 0c2013. a96 hojas : bilustraciones;c30 cm atext2rdacontent aunmediated2rdamedia avolume2rdacarrier aTesisb(Lic.) -- cUniversidad Peruana Unión,d2013. aIncluye referencias3 aEl propósito de este estudio fue determinar el grado de asociación entre la satisfacción laboral y el clima organizacional de los centros de aplicación: Productos Unión e Imprenta Unión de la UPeU, ubicada en Ñaña, Lurigancho - Chosica, del departamento de Lima-Perú. El tipo de investigación es básico con enfoque cuantitativo y un diseño no experimental, transversal, descriptivo y causal. El estudio estuvo conformado por una muestra de 150 trabajadores administrativos y operativos de ambos centros de aplicación. Para la recolección de datos se utilizaron técnicas cuantitativas (instrumentos) para cada variable elaborada por el investigador y validado por expertos. Analizados y procesados los datos estadísticamente se comprobó la hipótesis principal que señalaba que existía una asociación entre los niveles de satisfacción laboral con el clima organizacional con un sig. = <0.05, con un valor de 95l% de confianza y 0.05 de error. A nivel de hipótesis específica se comprobó que el clima organizacional, cuyas dimensiones son liderazgo, comunicación interna, participación relaciones interpersonales y compromiso, se asocia con la satisfacción laboral en la dimensión remuneración con un sig. =0,007 < 0,05, en la dimensión condiciones de trabajo con un sig. = 0,025 < 0,05, en la dimensión reconocimiento con un sig. = 0,004 < 0,05; en la dimensión características del trabajo con un sig. 0,001 < 0,05, y en la dimensión motivación con un sig. 0,000 < 0,05. Se demostró que existe asociación con cada una de las dimensiones. El estudio concluyó que existe un buen clima organizacional en un 72%; sin embargo, en cuanto a la satisfacción laboral, los resultados evidenciaron un nivel medio en un 53%. Se recomendaron acciones técnicas para fortalecer los niveles altos y mejorar o regular los niveles bajos de las dimensiones (comunicación interna, condiciones laborales, reconocimiento y remuneración) para contribuir al rendimiento y productividad de la organización. aSEG44 aSEG26 aP151 aP150 aP149 aP146 aP145 aP126 aP125 aP92 aP75 aP74 aP27 aP1514aSatisfacción laboralxClima organizacional.